| 000 | 00554nam a2200205Ia 4500 | ||
|---|---|---|---|
| 005 | 20230328102937.0 | ||
| 008 | 131103s9999 xx 000 0 und d | ||
| 020 | _aSBN 416078206 | ||
| 040 | _aLoreto College | ||
| 041 | _aEnglish | ||
| 082 |
_a822.91 _bSHA-HUG |
||
| 100 | _aHugo,Leon | ||
| 245 |
_aBernard Shaw _b playwright and preacher _cLeon Huge |
||
| 260 |
_aLondon _bMethuen _c1971 |
||
| 300 | _a270 p. | ||
| 504 | _aIncludes bibliographical references and index | ||
| 650 | _aShaw,G.Bernard - Criticism | ||
| 850 | _aLCLIB | ||
| 942 | _cBK | ||
| 999 |
_c4392 _d54871 |
||